Environmental and Natural Resource Economics : (Record no. 16794)
[ view plain ]
| 000 -LEADER | |
|---|---|
| fixed length control field | 01035cam a2200265 a 4500 |
| 001 - CONTROL NUMBER | |
| control field | 14004624 |
| 005 - DATE AND TIME OF LATEST TRANSACTION | |
| control field | 20060228125220.0 |
| 008 - FIXED-LENGTH DATA ELEMENTS--GENERAL INFORMATION | |
| fixed length control field | 050616s2006 mauac b 001 0 eng d |
| 020 ## - INTERNATIONAL STANDARD BOOK NUMBER | |
| International Standard Book Number | 0618496335 (pbk.) |
| 040 ## - CATALOGING SOURCE | |
| Original cataloging agency | ICO |
| Transcribing agency | ICO |
| Modifying agency | DLC |
| 082 00 - DEWEY DECIMAL CLASSIFICATION NUMBER | |
| Classification number | 333.7 |
| Edition number | 22 |
| Item number | HAR |
| 100 1# - MAIN ENTRY--PERSONAL NAME | |
| Personal name | Harris, Jonathan M. |
| 9 (RLIN) | 30220 |
| 245 10 - TITLE STATEMENT | |
| Title | Environmental and Natural Resource Economics : |
| Remainder of title | a Contemporary Approach / |
| Statement of responsibility, etc | Jonathan M. Harris. |
| 250 ## - EDITION STATEMENT | |
| Edition statement | 2nd ed. |
| 260 ## - PUBLICATION, DISTRIBUTION, ETC. (IMPRINT) | |
| Place of publication, distribution, etc | Boston : |
| Name of publisher, distributor, etc | Houghton Mifflin, |
| Date of publication, distribution, etc | c2006. |
| 300 ## - PHYSICAL DESCRIPTION | |
| Extent | xvii, 503 p. : |
| Other physical details | ill., ports. ; |
| Dimensions | 24 cm. |
| 504 ## - BIBLIOGRAPHY, ETC. NOTE | |
| Bibliography, etc | Includes bibliographical references and index. |
| 650 #0 - SUBJECT ADDED ENTRY--TOPICAL TERM | |
| Topical term or geographic name as entry element | Environmental economics. |
| 9 (RLIN) | 30221 |
| 650 #0 - SUBJECT ADDED ENTRY--TOPICAL TERM | |
| Topical term or geographic name as entry element | Natural resources. |
| 9 (RLIN) | 30222 |
| 650 #0 - SUBJECT ADDED ENTRY--TOPICAL TERM | |
| Topical term or geographic name as entry element | Environmental policy. |
| 9 (RLIN) | 30223 |
| 653 ## - INDEX TERM--UNCONTROLLED | |
| Resource For college | |
| Arrived date list | June2012 |
| 942 ## - ADDED ENTRY ELEMENTS (KOHA) | |
| Source of classification or shelving scheme | Dewey Decimal Classification |
| Item type | Book - Borrowing |
| Withdrawn status | Item status | Source of classification or shelving scheme | Damaged status | Not for loan | Vendor | Home library | Current library | Shelving location | Date acquired | Source of acquisition | Cost, normal purchase price | Serial Enumeration / chronology | Total Checkouts | Total Renewals | Full call number | Barcode | Date last seen | Date last borrowed | Koha item type |
|---|---|---|---|---|---|---|---|---|---|---|---|---|---|---|---|---|---|---|---|
| Dewey Decimal Classification | Baccah | Central Library | Central Library | First floor | 26/06/2012 | 179.00 | 15316 | 2 | 3 | 333.7 HAR | 000026878 | 15/07/2025 | 01/12/2015 | Book - Borrowing |